| 000 | 00653nam a2200253Ia 4500 | ||
|---|---|---|---|
| 003 | OSt | ||
| 005 | 20220924122540.0 | ||
| 006 | a|||||r|||| 00| 0 | ||
| 007 | ta | ||
| 008 | 220923b |||||||| |||| 00| 0 urd d | ||
| 024 | _a321971 | ||
| 037 | _cTextual | ||
| 040 |
_aARTS _cARTS _burd |
||
| 041 |
_2urd _aurd |
||
| 082 | _aR1, 168C7 | ||
| 100 |
_aScott T.J Au. _9189870 |
||
| 245 | 0 | _aKawaiful mantaq | |
| 260 |
_aLuckhnow _bMethodist publishing house India _c1897 |
||
| 300 |
_a191+4p. _ccm. |
||
| 650 | _a PHILOSOPHY | ||
| 650 | _aLOGIC | ||
| 942 |
_hR1, 168C7 _cTEXL _2CC |
||
| 999 |
_c412076 _d412076 |
||